Glasgow East End Pubs and Bars - Statistics

General Stats
  • This quiz has been taken 14 times
  • The average score is 10 of 71
Answer Stats
Answer % Correct
Redmond's
77%
Palais
69%
Ladywell
46%
Squirrel
46%
Wee Mans
46%
Alexandra
38%
Chrystal Bell
38%
Louden
38%
Saracen Head
38%
Drygate
31%
Duke
31%
BAAD
23%
Bristol
23%
Cabin
23%
Crown Creighton
23%
Grier's
23%
Hielan Jessie
23%
La Cala
23%
Real Mckay
23%
St Lukes
23%
Whistler on the Green
23%
Bar 67
15%
Gate
15%
Kirkhouse
15%
Lea Rig
15%
Mackinnons
15%
Princess
15%
Snug
15%
West
15%
Westburn
15%
Braemar
8%
Calton
8%
Clachan
8%
Cottage
8%
Drover
8%
East End Fox
8%
Gables
8%
Gartcraig Inn
8%
Gartocher
8%
Londoner
8%
Loveable Rogue
8%
Marquis
8%
Shedden's
8%
Thistle
8%
Traders
8%
Vinyl Bar
8%
Windsor
8%
Anvil Inn
0%
Argyle Tavern
0%
Auld Boat Hoose
0%
Baillie
0%
Bell's
0%
Bridge Inn
0%
Crimson Star
0%
Drum
0%
Elder's
0%
Kimberley Tavern
0%
Mailcoach
0%
McGuire's
0%
Old Burnt Barns
0%
Palaceum
0%
Portland Arms
0%
Portland Arms
0%
Scotsman
0%
Seven Ways
0%
Springcroft
0%
Strathspey
0%
Swinton
0%
Town Tavern
0%
Waverley
0%
Woodend
0%
No matching quizzes found
Score Distribution
Percent of People with Each Score
Percentile by Number Answered
Your Score History
You have not taken this quiz